000 00481nam a2200181 4500
001 8166
005 20230410143534.0
008 060907n1997 dr spa
020 _a0060533226
035 _9funglode8233
041 _aEN
050 1 4 _aT 173.8 B456 1997
100 _aBenyus, Janine M.
245 1 _aBiomimicry :
_binnovation inspired by nature /
_cJanine M. Benyus
260 _aNew york :
_bPerennial ,ed,
_c1997
300 _a308 p.
942 _2lcc
_cbk
999 _c103498
_d103498